Harper's Illustrated Biochemistry / (Record no. 4879)
[ view plain ]
| 000 -LEADER | |
|---|---|
| fixed length control field | 00454nam a2200157Ia 4500 |
| 020 ## - INTERNATIONAL STANDARD BOOK NUMBER | |
| International Standard Book Number | 9780071389013 |
| 082 ## - DEWEY DECIMAL CLASSIFICATION NUMBER | |
| Classification number | 612.015 |
| Author Mark | MUR |
| 100 ## - MAIN ENTRY--PERSONAL NAME | |
| Author Name | Murray, Robert K. |
| 245 #0 - TITLE STATEMENT | |
| Title | Harper's Illustrated Biochemistry / |
| 250 ## - EDITION STATEMENT | |
| Edition statement | 26th |
| 260 ## - PUBLICATION, DISTRIBUTION, ETC. | |
| Place of publication, distribution, etc. | Boston |
| Name of publisher, distributor, etc. | McGraw Hill |
| Date of publication, distribution, etc. | 2003 |
| 300 ## - PHYSICAL DESCRIPTION | |
| No of Pages | 693 |
| illustrations | ILL |
| Dimensions | 22CM |
| 504 ## - BIBLIOGRAPHY, ETC. NOTE | |
| Bibliography, Index, etc. note | INCLUDE:INDEX |
| 650 ## - SUBJECT ADDED ENTRY--TOPICAL TERM | |
| Subject | Biochemistry. |
| Keywords | STRUCTURES AND FUNCTIONS OF PROTEINS AND ENZYMES |
| 942 ## - ADDED ENTRY ELEMENTS (KOHA) | |
| Koha item type | Books |
| Source of classification or shelving scheme | |
| 952 ## - LOCATION AND ITEM INFORMATION (KOHA) | |
| -- | 2018-03-16 |
| Item status | Home library | Current library | Shelving location | Date acquired | Total Checkouts | Full call number | Barcode | Date last seen | Date last checked out | Koha item type |
|---|---|---|---|---|---|---|---|---|---|---|
| Islamabad Medical and Dental College | Islamabad Medical and Dental College | Islamabad Medical and Dental College | 16/03/2018 | 1 | 612.015 MUR | 6609 | 28/02/2023 | 28/02/2023 | Books |
